Normal view MARC view

Entry Nombre personal

Number of records used in: 1

001 - NÚMERO DE CONTROL

  • campo de control: 1025

003 - IDENTIFICADOR DE NÚMERO DE CONTROL

  • campo de control: DLC

005 - FECHA Y HORA DE LA ÚLTIMA TRANSACCIÓN

  • campo de control: 20260406123056.0

008 - ELEMENTOS DE DATO DE LONGITUD-FIJA

  • campo de control de longitud fija: 811105n| acannaabn |n aaa

010 ## - NÚMERO DE CONTROL DE LA BIBLIOTECA DEL CONGRESO

  • Número de control de LC: n 81125218

035 ## - NÚMERO DE CONTROL DEL SISTEMA

  • Número de control de sistema: (OCoLC)oca00670133

040 ## - FUENTE DE CATALOGACIÓN

  • Centro catalogador/agencia de origen: DLC
  • Lengua de catalogación: eng
  • Centro/agencia transcriptor: DLC
  • Centro/agencia modificador: OCoLC

100 1# - ENCABEZAMIENTO-NOMBRE DE PERSONA

  • Nombre de persona: Reich, Wilhelm

670 ## - FUENTE DE DATOS ENCONTRADOS

  • Cita de la fuente: His Die Farbenmischung für Druckereien (Steindruck, Buchdruck, Lichtdruck), 1887:
  • Información encontrada: t.p. (Wilhelm Reich) p. 2, 4 (a printer in Berlin, apparently specializing in color printing)

670 ## - FUENTE DE DATOS ENCONTRADOS

  • Cita de la fuente: NUC pre-1956
  • Información encontrada: (Reich, Wilhelm, chemist)

675 ## - FUENTE DE DATOS NO ENCONTRADOS

  • Cita de la fuente: Allg. deut. Biog.;
  • Cita de la fuente: Kürschners Lit.-Kal., Nekrolog, 1901-1935.